Airlines serving Montreal (YUL) - Statistics

General Stats
  • This quiz has been taken 1,017 times
    865 since last reset
  • The average score is 14 of 29
Answer Stats
Hint Answer % Correct
3 Air Canada
98%
1 Aeromexico
92%
6 Air France
90%
10 American Airlines
90%
15 Delta Air Lines
87%
28 United Airlines
83%
11 British Airways
79%
29 Westjet
77%
18 Lufthansa
75%
17 KLM
68%
4 Air China
62%
9 Air Transat
62%
21 Qatar Airways
51%
26 Swiss International Air Lines
47%
27 Turkish Airlines
44%
19 Porter Airlines
37%
25 Sunwing Airlines
36%
22 Royal Air Maroc
35%
2 Air Algerie
23%
12 Copa Airlines
23%
7 Air Inuit
20%
23 Royal Jordanian
17%
14 Cubana
15%
13 Corsair International
13%
5 Air Creebec
11%
8 Air Saint-Pierre
7%
16 First Air
6%
24 Sata International
3%
20 Provincial Airlines
2%
No matching quizzes found
Score Distribution
Percent of People with Each Score
Percentile by Number Answered
Your Score History
You have not taken this quiz since the last reset